La guerra de Sucesión en España 1700-1715 / (Record no. 188201)

MARC details
000 -LEADER
campo de control de longitud fija 00909nam a2200253 i 4500
001 - NÚMERO DE CONTROL
campo de control 188201
003 - IDENTIFICADOR DE NÚMERO DE CONTROL
campo de control SpMaBN
005 - FECHA Y HORA DE LA ÚLTIMA TRANSACCIÓN
campo de control 20250804030236.0
008 - DATOS DE LONGITUD FIJA--INFORMACIÓN GENERAL
campo de control de longitud fija 180619s1974 sp |||| | spa d
020 ## - NÚMERO INTERNACIONAL ESTÁNDAR DEL LIBRO
Número Internacional Estándar del Libro 84-253-0311-7
080 ## - NÚMERO DE LA CLASIFICACIÓN DECIMAL UNIVERSAL
Número de la Clasificación Decimal Universal 94(460)"1700/14"
100 1# - ENTRADA PRINCIPAL--NOMBRE DE PERSONA
Nombre de persona Kamen, Henry.
9 (RLIN) 67471
245 13 - MENCIÓN DEL TÍTULO
Título La guerra de Sucesión en España 1700-1715 /
Mención de responsabilidad, etc. Henry Kamen ; [traducido por Enrique de Obregón].
250 ## - MENCION DE EDICION
Mención de edición 1ª ed.
260 ## - PUBLICACIÓN, DISTRIBUCIÓN, ETC.
Lugar de publicación, distribución, etc. Barcelona :
Nombre del editor, distribuidor, etc. Grijalbo,
Fecha de publicación, distribución, etc. 1974.
300 ## - DESCRIPCIÓN FÍSICA
Extensión 458 p. ;
Dimensiones 20 cm.
490 1# - MENCIÓN DE SERIE
Mención de serie Dimensiones hispánicas ;
Designación de volumen o secuencia 5
500 ## - NOTA GENERAL
Nota general Índice onomástico.
650 #7 - PUNTO DE ACCESO ADICIONAL DE MATERIA--TÉRMINO DE MATERIA
Término de materia o nombre geográfico como elemento de entrada Guerra de Sucesión española, 1700-1714
Fuente del encabezamiento o término embne
9 (RLIN) 140912
700 1# - ENTRADA AGREGADA--NOMBRE PERSONAL
Nombre de persona Obregón, Enrique de.
9 (RLIN) 86425
830 0# - PUNTO DE ACCESO ADICIONAL DE SERIE-TÍTULO UNIFORME
Título uniforme Dimensiones hispánicas ;
Designación de volumen o secuencia 5
9 (RLIN) 181544
852 ## - LOCALIZACIÓN
Ubicación ES-MaACL
Número de control de estantería L-32057
Nota libre - Enc. cart.
-- . - Donat. herederos de la bibl. de Mª del Pilar Costa Palacín
Holdings
Estatus retirado Estado de pérdida Estado de daño No para préstamo Biblioteca de origen Biblioteca actual Ubicación en estantería Fecha de adquisición Fuente de adquisición Total de préstamos Signatura topográfica completa Código de barras Visto por última vez Precio de reemplazo Tipo de ítem Koha
        Biblioteca del Ateneo de Madrid Biblioteca del Ateneo de Madrid Depósito 2 19/06/2018     L-32057 1199007 23/02/2023 23/02/2023 Libro impreso